Movies Quiz

Random Movies or Director Quiz

Oscar nominees by director: 2016 Quiz Stats

 Plays Quiz not verified by Sporcle

Support Sporcle.
Go Orange.
Score 0/30 Timer 04:00
0 Plays Today
% Correct
Hail, Caesar!
97.2%
Fences
95.8%
Sully
93.1%
La La Land
91.7%
Moonlight
88.9%
Hacksaw Ridge
87.5%
Silence
86.1%
The Jungle Book
84.7%
The Lobster
77.8%
Manchester by the Sea
75%
13 Hours: The Secret Soldiers of Benghazi
70.8%
Fantastic Beasts and Where to Find Them
66.7%
Nocturnal Animals
63.9%
Rogue One: a Star Wars Story
61.1%
Allied
59.7%
% Correct
Florence Foster Jenkins
58.3%
Elle
58.3%
Suicide Squad
52.8%
Deepwater Horizon
50%
Star Trek Beyond
50%
Hell or High Water
48.6%
Doctor Strange
48.6%
20th Century Women
44.4%
Jackie
43.1%
Loving
40.3%
Hidden Figures
38.9%
Lion
36.1%
Passengers
34.7%
Captain Fantastic
26.4%
Jim: The James Foley Story
20.8%

You're not logged in!

Compare scores with friends on all Sporcle quizzes.
OR
Log In

From the Vault

Grab Bag Acrostic Puzzle II

by bhenderson79

You've got this one in the bag.
Remove Ads.
Support Sporcle.
Get the best of Sporcle when you Go Orange. This ad-free experience offers more features, more stats, and more fun while also helping to support Sporcle. Thank you for becoming a member.

Show Comments

Extras

Top Quizzes Today


Score Distribution

Your Account Isn't Verified!

In order to create a playlist on Sporcle, you need to verify the email address you used during registration. Go to your Sporcle Settings to finish the process.

Report this User

Report this user for behavior that violates our Community Guidelines.

Details: